000 00296nam a22001337a 4500
008 170816b xxu||||| |||| 00| 0 eng d
020 _a9780495503101
041 _aeng
080 _27 ED
_a311
100 _a36
101 _aSTA
245 _aAPPLIED STATISTICS
_cMEIER.K.J
942 _2udc
_cBK
999 _c23612
_d23612